[Event "FRA-chT3 0304"]
[Site "Franconville"]
[Date "2004.02.01"]
[Round "6.4"]
[White "Amar, Stephane"]
[Black "Appendino, Jerome"]
[Result "0-1"]
[WhiteElo "1990"]
[BlackElo "2169"]
[PlyCount "44"]
[EventDate "2004.10.10"]
[EventType "team"]
[EventRounds "9"]
[EventCountry "FRA"]
[SourceTitle "EXT 2007"]
[Source "ChessBase"]
[SourceDate "2006.11.23"]
[SourceVersion "1"]
[SourceVersionDate "2006.11.23"]
[SourceQuality "1"]

1. c4 c5 2. Nf3 Nc6 3. d4 cxd4 4. Nxd4 g6 5. e4 Bg7 6. Be3 Nf6 7. Nc3 d6 8. Be2 0-0 9. 0-0 Bd7 10. Rc1 Nxd4 11. Bxd4 Bc6 12. f4 Nd7 13. Bxg7 Kxg7 14. Qd4+ Kg8 15. Nd5 e6 16. Rfd1 Ba4 17. b3 exd5 18. cxd5 Qf6 19. Rc7 Rfc8 20. Rxc8+ Rxc8 21. Qxa4 Nc5 22. g3 Nxa4 0-1